00925nam a2200217 a 450000100100000000500170001000800410002704000250006808200150009310000270010824000570013524500600019226000450025230000310029750000270032859000750035565100360043091000370046695201870050399900170069000003519720200930074154.0111025s1962 ag abc 000 0 spa d aDO-SdBNPbspacBNPHU a973bR535b1 aRichter, Werner96092910aKleine geschichte del vereinigten staatenlEspañol10aBreve historia de los Estados Unidos /cWerner Richter. aBuenos Aires :bAteneo Editorial,c1962. a191 p. :bil., map., retr. aTraducido del alemán aPerteneció a la biblioteca personal de Juan Isidro Jimenes Grullón 4aEstados UnidosxHistoria942306 aValidado. Control de calidad MFF 0010507-18MOaGRbGRcOId2011-10-25iLF1l0o973 R535bp35197-10r2020-06-25w2020-06-25y1zPerteneció a la biblioteca personal de Juan Isidro Jimenes GrullónZNo se presta c34688d34688